| 000 | 00574nam a2200217Ia 4500 | ||
|---|---|---|---|
| 003 | OSt | ||
| 005 | 20260507123716.0 | ||
| 008 | 210210b1991 xxu||||| |||| 00| 0 eng d | ||
| 040 | _cAL | ||
| 041 | _aKannada | ||
| 082 | _a617.7K SUHK | ||
| 100 |
_aSUHASA. _dಸುಹಾಸ _9263474 |
||
| 245 |
_aKannugala rakshane. _bಕಣ್ಣುಗಳ ರಕ್ಷಣೆ |
||
| 260 |
_aBengaluru. _bSantosh Pablikeshans, _c1991 |
||
| 300 | _a28 | ||
| 650 |
_arakshane. _9263475 |
||
| 650 |
_aKannugala _9263476 |
||
| 690 |
_aSurgery _9263477 |
||
| 906 | _a045804 | ||
| 942 |
_2ddc _cBK |
||
| 999 |
_c95226 _d95226 |
||